Представление документа в формате RUSMARC

ПолеНазваниеЗначение
  Тип записи a
  Библиографический уровень a
001 Контрольный номер UONB/MAIN/737db975ed514c48a79d576be3d41911
005 Дата корректировки 20260428134219.6
100 Данные общей обработки __
a Данные общей обработки 20260428 ||| 0rusy0189 ca
101 Язык документа 0_
a Язык текста rus
102 Страна публикации __
a Страна публикации RU
200 Заглавие и сведения об ответственности 1_
a Заглавие Еще раз о невозвращенце Умове
f Первые сведения об ответственности А. Троянов
203 Вид содержания и тип средства __
a Вид содержания Текст
b Характеристика содержания визуальный
c Тип средства непосредственный
330 Аннотация __
a Аннотация В старомайнском районе прошел конкурс, посвященный поэту, музыканту, дипломату Ивану Павловичу Умову, родившемуся в селе Юрткуль.
461 Уровень набора _0
1 2000
a Аргументы и факты в Ульяновске
463 Уровень физической единицы _0
1 2000
a № 11 (1679) (18 марта)
v С. 2
1 2101
d 2026
1 001UONB/MAIN/61c33687bbae49b4ab9c6806efce291d
600 Персоналии _1
a Персоналии (Фамилия) Умов, Иван Павлович
607 Географические рубрики __
a Географическое наименование Юрткуль, село (Старомайнский район ; Ульяновская область)
610 Ключевые слова 0_
a Ключевые слова конкурсы; поэты; музыканты; дипломаты
686 Индексы других классификаций __
a Классификационный индекс 0Д1
700 Автор _1
a Фамилия Троянов
b Имя (инициалы) А.
g Полное личное имя Андрей
801 Источник записи _0
a Страна RU
b Организация Ульяновская ОНБ
c Дата составления 20260428
g Правила каталогизации RCR
801 Источник записи _1
a Страна RU
b Организация Ульяновская ОНБ
c Дата составления 20260428
g Правила каталогизации RCR
901 Тип документа __
t Тип документа f
w Контрольный № источника UONB/MAIN/61c33687bbae49b4ab9c6806efce291d
909 Создатель записи __
a Создатель записи Елягина
b Дата создания записи 20260428